000 00704nam a2200289Ia 4500
005 20260324114517.0
008 008 260324s9999 xx 000 0 eng d
020 _a9781003302353
037 _aEBOOK
040 _aCRL
040 _beng
040 _cCRL
041 _2eng
041 _aeng
084 _qCRL
100 _aSiddhartha Kumar Lahiri
_91151068
245 4 _aThe Brahmaputra River in Assam
245 0 _bGeomorphology, Hazards, and Natural Resources
260 _bTaylor and Francis
260 _c2022
365 _a
365 _b260
856 _uhttp://www.taylorfrancis.com/books/9781003302353
942 _cEBOOK
999 _c1741286
_d1741286